Využitie biometrie v kriminalistike

Gespeichert in:
Bibliographische Detailangaben
1. Verfasser: Gúgh, Patrik (Verfasst von)
Weitere Verfasser: Gallo, Ondrej (Betreuung Doktorarbeit)
Format: Manuskript Buch
Sprache:Slowakisch
Veröffentlicht: 2025
Schlagworte:
Online-Zugang:http://is.stuba.sk/zp/portal_zp.pl?podrobnosti=170781
Tags: Tag hinzufügen
Keine Tags, Fügen Sie das erste Tag hinzu!

MARC

LEADER 00000ntm a22000003a 4500
001 stuzp91868
003 SK-STU
005 20250614210315.2
007 ta
008 150427s2015----xo-----f-mn---000-0-slo-d
040 |a STU  |b slo 
041 0 |a slo 
100 1 |a Gúgh, Patrik  |u 035000  |4 aut  |U FEI Fakulta elektrotechniky a informatiky  |T FEI Ústav informatiky a matematiky  |X 92338  |U E050  |Y 816  |7 92338 
242 0 1 |a Biometrics in Forensic science  |y eng 
245 1 0 |a Využitie biometrie v kriminalistike 
260 |c 2025 
650 4 |a microservice architecture  |2 eng 
650 4 |a web technologies  |2 eng 
650 4 |a biometric system  |2 eng 
650 4 |a forensic science  |2 eng 
650 4 |a mikroservisná architektúra  |2 slo 
650 4 |a webové technológie  |2 slo 
650 4 |a forenzná veda  |2 slo 
650 4 |a biometrický systém  |2 slo 
700 1 |a Gallo, Ondrej  |u 035000  |k Z1  |4 ths  |U FEI Fakulta elektrotechniky a informatiky  |T FEI Ústav informatiky a matematiky  |X 27473  |U E050  |Y 816  |7 A000027473 
856 4 |u http://is.stuba.sk/zp/portal_zp.pl?podrobnosti=170781